000 00310nam a22001457a 4500
008 230912b ||||| |||| 00| 0 eng d
020 _a9780816513086
041 _aeng
080 _a521
082 _a521SHE
100 _a19
101 _aASTRO
245 _aWORLDS IN TE SKY
_cSHEEHAN.W
942 _2udc
_cBK
999 _c60335
_d60335